Dohľad nad poisťovacími maklérmi a agentmi

Dohľad nad činnosťou poisťovacieho makléra a poisťovacieho agenda de lege lata, podľa súčasného právneho stavu. Dohľad na diaľku, dohľad na mieste, sankcie.

Salvato in:
Dettagli Bibliografici
Autore principale: Šimurdová, Stanislava
Natura: Capitolo di libro
Lingua:slovacco
Soggetti:
Tags: Aggiungi Tag
Nessun Tag, puoi essere il primo ad aggiungerne!!

MARC

LEADER 00000naa$a2200000$$$4500
001 0033186
005 20231107122026.3
041 0 |a slo 
044 |a SK 
245 1 0 |a Dohľad nad poisťovacími maklérmi a agentmi  |c Stanislava Šimurdová 
520 |a Dohľad nad činnosťou poisťovacieho makléra a poisťovacieho agenda de lege lata, podľa súčasného právneho stavu. Dohľad na diaľku, dohľad na mieste, sankcie. 
610 2 0 |a poisťovníctvo 
610 2 0 |a poisťovne 
610 2 0 |a makléri 
610 2 0 |a dozor 
610 2 0 |a úpravy právne 
100 1 |a Šimurdová, Stanislava